Ultimate flexibility : (Record no. 313)

MARC details
000 -LEADER
fixed length control field 00782cam a22002654a 4500
005 - DATE AND TIME OF LATEST TRANSACTION
control field 20260322212015.0
008 - FIXED-LENGTH DATA ELEMENTS--GENERAL INFORMATION
fixed length control field data
010 ## - LIBRARY OF CONGRESS CONTROL NUMBER
LC control number 2003026042
020 ## - INTERNATIONAL STANDARD BOOK NUMBER
International Standard Book Number 1880336839
020 ## - INTERNATIONAL STANDARD BOOK NUMBER
International Standard Book Number 9781880336830
040 ## - CATALOGING SOURCE
Original cataloging agency DLC
Transcribing agency DLC
Modifying agency DLC
042 ## - AUTHENTICATION CODE
Authentication code pcc
050 00 - LIBRARY OF CONGRESS CALL NUMBER
Classification number GV1102.7.T7
Item number K563 2004
082 00 - DEWEY DECIMAL CLASSIFICATION NUMBER
Classification number 796.8
Edition information 22
092 ## - LOCALLY ASSIGNED DEWEY CALL NUMBER (OCLC)
Classification number 796.8 K563 2004
001 - CONTROL NUMBER
control field data
100 1# - MAIN ENTRY--PERSONAL NAME
Personal name Kim, Sang H.
245 10 - TITLE STATEMENT
Title Ultimate flexibility :
Remainder of title a complete guide to stretching for martial arts /
Statement of responsibility, etc. Sang H. Kim.
260 ## - PUBLICATION, DISTRIBUTION, ETC.
Place of publication, distribution, etc. Wethersfield, Conn. :
Name of publisher, distributor, etc. Turtle Press,
Date of publication, distribution, etc. c2004.
300 ## - PHYSICAL DESCRIPTION
Extent 304 p. :
Other physical details ill. ;
Dimensions 29 cm.
500 ## - GENERAL NOTE
General note Includes index.
650 #0 - SUBJECT ADDED ENTRY--TOPICAL TERM
Topical term or geographic name entry element Martial arts
General subdivision Training.
650 #0 - SUBJECT ADDED ENTRY--TOPICAL TERM
Topical term or geographic name entry element Stretching exercises.
856 41 - ELECTRONIC LOCATION AND ACCESS
Materials specified Table of contents
Uniform Resource Identifier <a href="http://www.loc.gov/catdir/toc/ecip0411/2003026042.html">http://www.loc.gov/catdir/toc/ecip0411/2003026042.html</a>
Holdings
Withdrawn status Lost status Damaged status Not for loan Home library Current library Shelving location Date acquired Total checkouts Full call number Barcode Date last seen Price effective from Koha item type
        Centerville Centerville General stacks 22/03/2026   796.8 22 BC0010322 22/03/2026 22/03/2026 Books